Ord-kryptering - Djur - Statistics

General Stats
  • This quiz has been taken 233 times
  • The average score is 14 of 20
Answer Stats
Djur % Correct
Älg
100%
And
100%
Apa
100%
Åsna
100%
Björn
100%
Elefant
100%
Get
100%
Haj
100%
Katt
100%
Lama
100%
Lamm
100%
Lax
100%
Örn
100%
Ren
100%
Tupp
100%
Val
100%
Myra
96%
Häst
94%
Hund
94%
Får
93%
Gås
93%
Järv
93%
Pingvin
93%
Räv
93%
Säl
93%
Varg
93%
Fågel
92%
Gädda
92%
Giraff
92%
Loppa
92%
Mus
92%
Råtta
92%
Fisk
91%
Svin
91%
Zebra
90%
Larv
88%
Oxe
88%
Fjäril
86%
Orm
86%
Ekorre
85%
Ödla
85%
Rådjur
85%
Kamel
84%
Ko
83%
Ponny
83%
Känguru
82%
Kobra
82%
Kyckling
82%
Mask
82%
Panda
82%
Sparv
82%
Lejon
81%
Tiger
81%
Hyena
80%
Hare
79%
Anka
78%
Höna
78%
Hummer
78%
Utter
78%
Bison
75%
Krokodil
73%
Bäver
71%
Jaguar
71%
Mårdhund
71%
Påfågel
71%
Marsvin
70%
Slända
70%
Kanin
69%
Uggla
69%
Leopard
64%
Papegoja
64%
Geting
63%
Gorilla
62%
Grävling
62%
Struts
62%
Delfin
60%
Gasell
60%
Tvättbjörn
60%
Fjällräv
59%
Mygga
59%
Groda
58%
Manet
58%
Trana
57%
Broms
56%
Gepard
56%
Skunk
56%
Schimpans
53%
Igelkott
50%
Kackerlacka
50%
Öring
50%
Huggorm
47%
Jordekorre
46%
Kronhjort
45%
Pelikan
43%
Kräfta
42%
Spindel
41%
Antilop
40%
Hamster
38%
Skalbagge
38%
Sköldpadda
38%
Stenbock
38%
Stork
38%
Snigel
36%
Abborre
33%
Alligator
33%
Ostron
33%
Bläckfisk
29%
Fladdermöss
25%
Surikat
25%
Gräshoppa
23%
Albatross
13%
Tamiller
0%
No matching quizzes found
Score Distribution
Percent of People with Each Score
Percentile by Number Answered
Your Score History
You have not taken this quiz